1811 1799 1697 1782 1760 1344 1132 1171 1790 1579 1727 1236 1323 1387 1610 1063 1513 1105 1611 1613 1899 1183 1987 1205 1009 1012 1021 1388 1812 1980 1756 1842 1905 1477 1834 1887 1046 1765 1425 1809 1755 1171 1068 1121 1334 1301 1144 1357 1090 1564 1925 1658 1521 1003 1393 1380 1633 1925 1110 1582 1146 1533 1026 1339 1725 1042 1354 1620 1122 1820 1435 1664 1750 1769 1634 1304 1234 1071 1728 1378 1313 1102 1120 1541 1346 1759 1560 1850 1010 1170 1970 1425 1312 1464 1906 1493 1262 1887 1318 BCNSPRNW ULIB Ver.6.0+V

เปลี่ยนเป็นภาษาไทย

Change to English
 แสดงรายละเอียดบรรณานุกรม
  กลับหน้าหลัก

Brief Record : Get Marc (ISO 2709) : E-mail record : QR code < ปิดหน้าต่าง
LEADER : 00000nam 2200000uu 4500
001    13399123804
003     ULIB
008    141128s2557||||th 000 0 tha d
020    ^a9789749752678
060    ^aWD800^bช896ว
110 1  กรมแพทย์ทหารเรือ
245    ^aเวชศาสตร์ทางทะเล=^nMaritime Medicine/^cบรรณาธิการ ; ชัยภัทร แกล้วกล้า
250    ^aพิมพ์ครั้งที่ 1
260    ^aกรุงเทพ :^bกรมแพทย์ทหารเรือ,^c2557
300    ^a444 หน้า;^b26 ซม.
650  4 ^aเวชศาสตร์ทางทะเล
650  7 ^aกฎหมายด้านอาชีวอนามัยและความปลอดภัย
650  7 ^aเวชศาสตร์ใต้น้ำ
700 0  ^aชัยภัทร แกล้วกล้า,^eบรรณาธิการ
945    ^p500^l0^i22134
945    ^p500^l0^i22135
999    ^aทศพร เกษรทอง
รายการนี้ยังไม่มีแท็ก
คุณยังไม่ได้ล็อกอิน คุณสามารถมีกิจกรรมร่วมกับเว็บไซต์ได้ แต่ต้องล็อกอินก่อน ::
  ล็อกอิน

รายการสื่อสารสนเทศ

ลำดับที่ ประเภท เลขเรียก/บาร์โค้ด สถานที่ สถานะ
1. วิทยาศาสตร์การแพทย์ และสุขภาพ
วิทยาศาสตร์การแพทย์ และสุขภาพ
สถานะ=หนังสือเก่า
WD800 ช896ว ฉ.1 
  Barcode: 22134
ห้องสมุดวิทยาเขตนครสวรรค์
►ส่วนจัดเก็บหนังสือเก่า นว.
บนชั้น
  ขอยืม
2. วิทยาศาสตร์การแพทย์ และสุขภาพ
วิทยาศาสตร์การแพทย์ และสุขภาพ
สถานะ=หนังสือเก่า
WD800 ช896ว ฉ.2 
  Barcode: 22135
ห้องสมุดวิทยาเขตนครสวรรค์
►ส่วนจัดเก็บหนังสือเก่า นว.
บนชั้น
  ขอยืม

รายการใกล้เคียง
    หัวเรื่อง [เวชศาสตร์ทางทะเล]
    หัวเรื่อง [กฎหมายด้านอาชีวอนามัยและความปลอดภัย]
    หัวเรื่อง [เวชศาสตร์ใต้น้ำ]

BibComment


ยังไม่เคยถูกคอมเมนท์

คอมเมนท์ทรัพยากรรายการนี้
  คอมเมนท์: เวชศาสตร์ทางทะเล..


 Copyright 2026. Bcnsprnw @Library